Statistics for Köppen climate classification - Tropical Savanna

Click here to take the quiz!

General Stats

  • This quiz has been taken 13 times
  • The average score is 24 of 34

Answer Stats

Country% Correct
Mexico
100%
United States
100%
India
92%
Indonesia
92%
Kenya
92%
Australia
83%
China
83%
Myanmar
83%
Tanzania
83%
Bangladesh
75%
Brazil
75%
Cambodia
75%
Colombia
75%
Haiti
75%
Nigeria
75%
Rwanda
75%
Thailand
75%
Vietnam
75%
Dominican Republic
67%
Ghana
67%
Laos
67%
Mozambique
67%
Trinidad and Tobago
67%
Cuba
58%
East Timor
58%
Papua New Guinea
58%
Sri Lanka
58%
The Gambia
58%
Ecuador
50%
El Salvador
50%
Honduras
50%
Ivory Coast
50%
Jamaica
50%
Nicaragua
42%

Score Distribution

Percentile by Number Answered

Percent of People with Each Score

Your Score History

You have not taken this quiz